| 000 | 00868cab a2200253 4500 | ||
|---|---|---|---|
| 001 | WB2820-33 | ||
| 008 | 090401t1992 xxu||||| |||| 00| 0 eng d | ||
| 035 | _a(Sirsi) u12871 | ||
| 041 | _aeng | ||
| 245 | _aGreen standards in minerals | ||
| 260 | _c1992 | ||
| 350 | _a0 | ||
| 490 |
_aPlanning (for the Natural and Built Environment) _v(968) 15 May 1992, 6(1) |
||
| 520 | _aThe Government has issued its clearest warning yet that all minerals permissions will have to meet best current `green` standards, however long ago the consent was issued. | ||
| 650 | _aGREEN ISSUES | ||
| 650 | _aMINERAL EXTRACTION | ||
| 650 | _aMINERALS PERMISSIONS | ||
| 650 | _aMINERALS PLANNING GUIDANCE NOTE ONE | ||
| 650 | _aMINERALS PLANNING GUIDANCE NOTE SIX | ||
| 690 | _aMINING AND MINERALS | ||
| 690 | _aPLANNING LAW AND PRACTICE | ||
| 942 | _n0 | ||
| 948 | _c04/03/1997 | ||
| 999 |
_c8259 _d8259 |
||